000 00617nam a2200205Ia 4500
005 20250508160152.0
008 008 250505s9999 xx 000 0 eng d
037 _aBooks to be hide in OPAC
040 _aFEDL
_beng
_cFEDL
041 _aeng
_2eng
084 _qFEDL
100 _aJarvis C D
_9768003
245 0 _aGardening in elementary city schools
245 0 _cDepartment of the Interior. Education, (Bureau of ...)
260 _aWashington, USA
_bU.S. Government Printing Office
_c1916
300 _a74p
546 _aBulletin, 1916, No. 40; Weeded out
942 _cHB
999 _c1362381
_d1362381